Global times living history: (Record no. 5159)

MARC details
000 -LEADER
fixed length control field 00896nam a22002777a 4500
003 - CONTROL NUMBER IDENTIFIER
control field OSt
005 - DATE AND TIME OF LATEST TRANSACTION
control field 20251103085124.0
008 - FIXED-LENGTH DATA ELEMENTS--GENERAL INFORMATION
fixed length control field 251027b |||||||| |||| 00| 0 eng d
020 ## - INTERNATIONAL STANDARD BOOK NUMBER
International Standard Book Number 978-621-00-13283
040 ## - CATALOGING SOURCE
Original cataloging agency DWCL - Main Lib
Transcribing agency OC
082 ## - DEWEY DECIMAL CLASSIFICATION NUMBER
Edition number 3rd
Classification number Res. 330 S143g 2023
100 ## - MAIN ENTRY--PERSONAL NAME
Personal name Sarenas, Diana Lyn R.
245 ## - TITLE STATEMENT
Title Global times living history:
Remainder of title Mga kontemporaryong isyu /
Statement of responsibility, etc. Diana Lyn R. Sarenas
250 ## - EDITION STATEMENT
Edition statement 3rd
260 ## - PUBLICATION, DISTRIBUTION, ETC.
Place of publication, distribution, etc. Quezon City, Philippines :
Name of publisher, distributor, etc. Sibs Publishing House, Inc.,
Date of publication, distribution, etc. c2023.
300 ## - PHYSICAL DESCRIPTION
Extent xi, 228 pages :
Other physical details illustrations ;
Dimensions 25 cm.
501 ## - WITH NOTE
With note Includes Talasanggunian
650 ## - SUBJECT ADDED ENTRY--TOPICAL TERM
Topical term or geographic name entry element 1. Contemporary issues
650 ## - SUBJECT ADDED ENTRY--TOPICAL TERM
Topical term or geographic name entry element 2. Human rights
650 ## - SUBJECT ADDED ENTRY--TOPICAL TERM
Topical term or geographic name entry element 3. Political issues
650 ## - SUBJECT ADDED ENTRY--TOPICAL TERM
Topical term or geographic name entry element 4. Economics
700 ## - ADDED ENTRY--PERSONAL NAME
Personal name I. Diana Lyn R. Sarenas
700 ## - ADDED ENTRY--PERSONAL NAME
Personal name II. Teresita P. Pedrajas
710 ## - ADDED ENTRY--CORPORATE NAME
Corporate name or jurisdiction name as entry element III. Walfredo B. Bellen
942 ## - ADDED ENTRY ELEMENTS (KOHA)
Source of classification or shelving scheme Dewey Decimal Classification
Koha item type Book- Reserved
Edition 3rd
Call number suffix Res.
Suppress in OPAC No
952 ## - LOCATION AND ITEM INFORMATION (KOHA)
--
952 ## - LOCATION AND ITEM INFORMATION (KOHA)
--
952 ## - LOCATION AND ITEM INFORMATION (KOHA)
--
Holdings
Withdrawn status Lost status Source of classification or shelving scheme Damaged status Not for loan Home library Current library Shelving location Date acquired Source of acquisition Total Checkouts Full call number Barcode Date last seen Copy number Price effective from Koha item type Uniform Resource Identifier Cost, normal purchase price Cost, replacement price
    Dewey Decimal Classification     Junior High School Library Junior High School Library Reserved 09/18/2024 School Fund   Res. 330 S143g 2023 JHS - 21405 10/27/2025 c1 10/27/2025 BK-0 CIRC    
    Dewey Decimal Classification     Junior High School Library Junior High School Library Reserved 08/14/2023 School Fund   Res. 330 S143g 2023 JHS - 21189 11/03/2025 c2 11/03/2025 BK-0 CIRC 228.00 228.00
    Dewey Decimal Classification     Junior High School Library Junior High School Library Reserved 08/14/2023 School Fund   Res. 330 S143g 2023 JHS - 21188 11/03/2025 c3 10/27/2025 BK-0 CIRC 228.00 228.00